Environmentally friendly farming in Scotland given more support (Record no. 73241)
[ view plain ]
| 000 -LEADER | |
|---|---|
| fixed length control field | 01197cam a2200241 4500 |
| 001 - CONTROL NUMBER | |
| control field | WB3931-29 |
| 008 - FIXED-LENGTH DATA ELEMENTS--GENERAL INFORMATION | |
| fixed length control field | 030819n2003 000 0 eng u |
| 035 ## - SYSTEM CONTROL NUMBER | |
| System control number | (Sirsi) u123303 |
| 245 ## - TITLE STATEMENT | |
| Title | Environmentally friendly farming in Scotland given more support |
| 260 ## - PUBLICATION, DISTRIBUTION, ETC. | |
| Date of publication, distribution, etc. | 2003 |
| 490 ## - SERIES STATEMENT | |
| Series statement | Scottish Executive News Release |
| Volume/sequential designation | (SEEN589/2003) 18 August 2003, (4) |
| 520 ## - SUMMARY, ETC. | |
| Summary, etc. | Scottish farmers and crofters will receive further support from the Scottish Executive to help them protect Scotland's valuable natural heritage. Changes to the operation of the Rural Stewardship Scheme (RSS) will encourage collaborative applications and guarantee access to the RSS for Environmentally Sensitive Area (ESA) leavers. Further finance will be made available through the Organic Aid scheme to farmers wishing to convert to organic farming. http://www.scotland.gov.uk/pages/news/2003/08/SEEN589.aspx |
| 590 ## - LOCAL NOTE (RLIN) | |
| Local note | WB |
| 650 ## - SUBJECT ADDED ENTRY--TOPICAL TERM | |
| Topical term or geographic name entry element | SCOTLAND |
| 650 ## - SUBJECT ADDED ENTRY--TOPICAL TERM | |
| Topical term or geographic name entry element | FARMERS |
| 650 ## - SUBJECT ADDED ENTRY--TOPICAL TERM | |
| Topical term or geographic name entry element | CROFTERS |
| 650 ## - SUBJECT ADDED ENTRY--TOPICAL TERM | |
| Topical term or geographic name entry element | ORGANIC FARMING |
| 650 ## - SUBJECT ADDED ENTRY--TOPICAL TERM | |
| Topical term or geographic name entry element | RURAL STEWARDSHIP SCHEME |
| 650 ## - SUBJECT ADDED ENTRY--TOPICAL TERM | |
| Topical term or geographic name entry element | ENVIRONMENTALLY SENSITIVE AREA SCHEME |
| 650 ## - SUBJECT ADDED ENTRY--TOPICAL TERM | |
| Topical term or geographic name entry element | ORGANIC AID SCHEME |
| 690 ## - LOCAL SUBJECT ADDED ENTRY--TOPICAL TERM (OCLC, RLIN) | |
| Topical term or geographic name as entry element | RURAL-AGRICULTURE AND FORESTRY |
| 942 ## - ADDED ENTRY ELEMENTS (KOHA) | |
| Suppress in OPAC | 0 |
| Withdrawn status | Lost status | Source of classification or shelving scheme | Damaged status | Not for loan | Home library | Current library | Shelving location | Date acquired | Total Checkouts | Full call number | Barcode | Date last seen | Copy number | Price effective from | Koha item type |
|---|---|---|---|---|---|---|---|---|---|---|---|---|---|---|---|
| Dewey Decimal Classification | London | London | Journal article | 19/08/2003 | WB3931-29 | 123303-1001 | 06/08/2019 | 1 | 06/08/2019 | Journal article |